Maths: terminale L, enseignement scientifique
Spremljeno u:
| Glavni autor: | |
|---|---|
| Format: | Knjiga |
| Jezik: | francuski |
| Izdano: |
París
Hachette
1999
|
| Serija: | Déclic
|
| Teme: | |
| Oznake: |
Dodaj oznaku
Bez oznaka, Budi prvi tko označuje ovaj zapis!
|
MARC
| LEADER | 00000nam a2200000 a 4500 | ||
|---|---|---|---|
| 001 | UCO2454 | ||
| 003 | CL-VaPUC | ||
| 008 | 000602e19990000FR |||||||||||||||||fre|d | ||
| 082 | 0 | 4 | |a 372.7 |b MIS |2 21 |
| 100 | |a Misset, Lydia |e autora |9 445648 | ||
| 245 | 1 | 0 | |a Maths: terminale L, enseignement scientifique |
| 300 | |a 127 p | ||
| 942 | |c BK | ||
| 945 | |d 20000602 00:00:00 |a vberengu | ||
| 260 | |a París |b Hachette |c 1999 | ||
| 650 | 0 | |a Matemáticas |x Enseñanza |9 875527 | |
| 650 | 0 | |a Funciones |9 263869 | |
| 650 | 0 | |a Matemática |9 260235 | |
| 650 | 0 | |a Probabilidades |9 260199 | |
| 650 | 0 | |a Problemas, ejercicios, etc |9 259377 | |
| 583 | |a last modification |c 20000602 00:00:00 |k Rodrigo Vera | ||
| 490 | 0 | |a Déclic | |
| 999 | |c 288965 |d 288963 | ||
| 952 | |0 0 |1 0 |4 0 |6 372_700000000000000_MIS_1999 |7 0 |8 A |9 336993 |a BIBMAT |b BIBMAT |c E_DIDACT |d 2019-11-20 |i 3613755 |o 372.7 MIS 1999 |p 3613755 |r 2025-01-07 |w 2019-11-20 |y BK |k MAT | ||